Music Quiz

Random Music or Artist Quiz
Score 0/26 Timer 05:00
4 Plays Today
ALBUM (Artist) Song % Correct
THRILLER (Michael Jackson)Baby Be Mine, Beat It, Billie Jean
89%
NEVERMIND (Nirvana)Smells Like Teen Spirit, Stay Away, Something in the Way
76.5%
METALLICA (Metallica)Enter Sandman
64.7%
BLIZZARD OF OZZ (Ozzy Osbourne)Crazy Train
59.8%
RUMOURS (Fleetwood Mac)Dreams, Don't Stop
55%
SGT. PEPPER (The Beatles)Lucy in the Sky with Diamonds, Lovely Rita
54.1%
LOOK AT US (Sonny & Cher)I Got You Babe, It's Gonna Rain
54%
ACHTUNG BABY (U2)One
53.7%
ELECTRIC LADYLAND (Jimi Hendrix Experience)All Along the Watchtower, ...And the Gods Made Love
53.6%
CHANGES IN LATITUDES, CHANGES IN ATTITUDES (Jimmy Buffett)Margaritaville, Miss You So Badly
51.7%
AN INNOCENT MAN (Billy Joel)Uptown Girl
48%
THE AGE OF PLASTIC (The Buggles)Video Killed the Radio Star
47.6%
CHUCK BERRY IS ON TOP (Chuck Berry)Johnny B. Goode, Jo Jo Gunne
44.3%
ALBUM (Artist) Song % Correct
HERE'S LITTLE RICHARD (Little Richard)Tutti Frutti, True Fine Mama
43.3%
WILLY AND THE POOR BOYS (Creedence Clearwater Revival)Feelin' Blue, Fortunate Son
43.1%
LED ZEPPELIN II (Led Zeppelin)Whole Lotta Love, What Is and What Should Never Be
38.3%
AMERICANA (The Offspring)Pretty Fly (For a White Guy), Pay the Man
38.1%
METEORA (Linkin Park)Nobody's Listening, Numb
36.7%
LET IT BLEED (The Rolling Stones)You Got the Silver, You Can't Always Get What You Want
31.1%
THE BEATLES (The Beatles)Happiness is a Warm Gun, Helter Skelter, Honey Pie
29.5%
MELLON COLLIE AND THE INFINITE SADNESS (Smashing Pumpkins)Zero
26.4%
A FAREWELL TO KINGS (Rush)Xanadu
20.8%
BREAKFAST IN AMERICA (Supertramp)Gone Hollywood, Goodbye Stranger
20.2%
A QUESTION OF BALANCE (The Moody Blues)Question
19.2%
PAT GARRETT & BILLY THE KID (Bob Dylan)Knockin' on Heaven's Door
19.2%
OTIS BLUE (Otis Redding)Respect, Rock Me Baby
17.4%
Remove Ads.
Support Sporcle.
Get the best of Sporcle when you Go Orange. This ad-free experience offers more features, more stats, and more fun while also helping to support Sporcle. Thank you for becoming a member.

You're not logged in!

Compare scores with friends on all Sporcle quizzes.
OR
Log In

Show Comments

Extras

Top Quizzes Today


Score Distribution

Your Account Isn't Verified!

In order to create a playlist on Sporcle, you need to verify the email address you used during registration. Go to your Sporcle Settings to finish the process.

Report this User

Report this user for behavior that violates our Community Guidelines.

Details: